MARC

LEADER 00000nam^a2200000^a^4500
001 000162150
005 20250521000000.0
009 20260310100822.796
037 |a Acervo ITESO - Biblioteca 
041 |a ESP 
082 |a 320. 980  |b ZEA 
100 |a Zea, Leopoldo  |e (selección) 
245 1 0 |a Precursores del pensamiento latinoamericano contemporáneo /  |c Selec., pról. y notas de L. Zea. 
264 4 |a México :  |b Secretaría de Educación Pública,  |c 1971, c1971 
300 |a 261 p. 
336 |a texto  |b txt  |2 rdacontenido 
337 |a sin mediación  |b n  |2 rdamedio 
338 |a volumen  |b nc  |2 rdasoporte 
440 1 |a (SepSetentas ;  |v 14) 
649 |a XX 
650 |a Intelectuales Latinoamericanos 
650 |a Escritores Latinoamericanos 
650 |a Filósofos Latinoamericanos 
650 |a Actores Políticos 
650 |a Identidad Cultural -  |z Latinoamérica 
650 |a Identidad Nacional -  |z Latinoamérica 
650 |a Identidad Política -  |z Latinoamérica 
650 |a Ideología 
650 |a Regionalismo 
650 |a Aislamiento Social 
650 |a Hegemonía -  |z Latinoamérica 
650 |a Centralización y Descentralización 
650 |a Independencia Política -  |z Latinoamérica 
650 |a Literatura y Política 
650 |a Filosofía Política -  |z Latinoamérica 
650 |a Política 
650 |a González Prada, Manuel 
650 |a Martí, José 
650 |a Rodó, José Enrique 
650 |a Vasconcelos, José 
650 |a Caso, Antonio 
650 |a Henríquez Ureña, Pedro 
650 |a Reyes, Alfonso 
650 |a Martínez Estrada, Ezequiel 
650 |a Mariátegui, José Carlos 
650 |a Mallea, Eduardo 
910 |a Fondo Salvador Reynoso Reynoso 
920 |a Impresos - Libros 
930 |a Fondos Especiales 
905 |a 112 
901 |a 0500032991  |b IT2  |c ESP  |u 20250521 
902 |a https://opac.biblio.iteso.mx/vufind/Record/000162150